00401nam a2200157Ia 4500008004100000020000700041082001400048100001900062245001800081250000700099260003700106300002300143500001900166600003300185650002500218240925s9999 xx 000 0 und d aNA a915.4 HAJ aHajazi, Naseem 0aPores K Hathi aNA aLahore:bJahangir Book DepotcNA a239p.b0fOriginal aIncludes Index aHumanities & Natural Science aGeography and travel